000 00793nas a2200265Ia 4500
001 A03/R026-45497
003 IT-MiCISF
008 161014c99999999xx |||||||||||| ||und||
040 _aIT-MiCISF
_cIT-MiCISF
041 _aITALIANO
100 _aOberto Giacomo
210 _aFamilia
222 _aFamilia
245 0 _aGli accordi preventivi sulla crisi coniugale
250 _a1a ed.
260 _c2008
501 _bCISF - Centro Internazionale Studi Famiglia - Via Giotto, 36 20145 MILANO (non commercial uses only)
_cCopyright 2016
300 _app. 25-46
362 _an. 1 [2008]
500 _a Tema: divorzio, diritto, comparazione, rapporti-patrimoniali
650 _aFAMIGLIA - divorzio
_varticolo
700 _aAA.VV.
942 _cCR
957 _71
999 _a45497
_bSi
_g1
_c224473
_d224473